[Event "IND-ch Senior Open 2019"]
[Site "Mazitar"]
[Date "2019.12.11"]
[Round "3.5"]
[White "Himanshu, Sharma"]
[Black "Ghosh, Diptayan"]
[Result "1/2-1/2"]
[WhiteElo "2392"]
[BlackElo "2555"]
[Annotator "ChessBase"]
[PlyCount "72"]
[EventDate "2018.12.08"]
[EventType "swiss"]
[EventCountry "IND"]
[SourceTitle "playchess.com"]
[Source "ChessBase"]
[SourceQuality "1"]
[TimeControl "40/5400+30:1800+30"]

1. e4 {[%emt 0:00:00]} c6 {[%emt 0:00:00]} 2. d4 {[%emt 0:00:00]} d5 {[%emt 0:00:00]} 3. e5 {[%emt 0:00:00]} c5 {[%emt 0:00:39]} 4. c3 {[%emt 0:00:44]} Nc6 {[%emt 0:00:12]} 5. Ne2 {[%emt 0:00:09]} Bd7 {[%emt 0:00:07]} 6. f4 {[%emt 0:04:11]} e6 {[%emt 0:07:05]} 7. Nd2 {[%emt 0:00:52]} cxd4 {[%emt 0:02:22]} 8. Nxd4 {[%emt 0:01:42]} Nxd4 {[%emt 0:11:09]} 9. cxd4 {[%emt 0:00:06]} Qa5 {[%emt 0:00:09]} 10. Kf2 {[%emt 0:06:33]} Ne7 {[%emt 0:04:57]} 11. Nf3 {[%emt 0:00:27]} Nc6 {[%emt 0:05:11]} 12. Qb3 {[%emt 0:04:23]} Qb4 {[%emt 0:05:06]} 13. Qxb4 {[%emt 0:01:50]} Bxb4 {[%emt 0:00:30]} 14. Be3 {[%emt 0:00:34]} Be7 {[%emt 0:04:32]} 15. Rc1 {[%emt 0:01:20]} O-O {[%emt 0:03:13]} 16. Bd3 {[%emt 0:00:54]} Rac8 {[%emt 0:04:06]} 17. g4 {[%emt 0:04:40]} a5 {[%emt 0:02:22]} 18. Bd2 {[%emt 0:07:38]} a4 {[%emt 0:05:35]} 19. a3 {[%emt 0:04:37]} b5 {[%emt 0:06:04]} 20. Ke3 {[%emt 0:08:21]} b4 {[%emt 0:02:38]} 21. axb4 {[%emt 0:00:16]} Nxb4 {[%emt 0:00:28]} 22. Rxc8 {[%emt 0:00:45]} Rxc8 {[%emt 0:00:51]} 23. Ne1 {[%emt 0:06:35]} Rb8 {[%emt 0:03:28]} 24. Bb1 {[%emt 0:05:00]} Bb5 {[%emt 0:01:06]} 25. Bc3 {[%emt 0:00:57]} Bc4 {[%emt 0:03:38]} 26. Nd3 {[%emt 0:03:40]} Bxd3 {[%emt 0:04:41]} 27. Bxd3 {[%emt 0:00:17]} Na2 {[%emt 0:00:09]} 28. Rb1 {[%emt 0:09:23]} Rb3 {[%emt 0:11:32]} 29. Be1 {[%emt 0:08:48]} Bb4 {[%emt 0:03:40]} 30. Ra1 {[%emt 0:02:11]} Rxb2 {[%emt 0:01:49]} 31. Bxb4 {[%emt 0:00:56]} Nxb4 {[%emt 0:00:06]} 32. Rxa4 {[%emt 0:00:10]} g6 {[%emt 0:03:44]} 33. Be2 {[%emt 0:01:09]} Rb3+ {[%emt 0:00:38]} 34. Kd2 {[%emt 0:01:17]} Rb2+ {[%emt 0:00:08]} 35. Ke3 {[%emt 0:00:11]} Rb3+ {[%emt 0:00:05]} 36. Kd2 {[%emt 0:00:04]} Rb2+ {Bd3} 1/2-1/2

[Event "IND-ch Senior Open 2019"]
[Site "Mazitar"]
[Date "2019.12.11"]
[Round "3.6"]
[White "Chanda, Sandipan"]
[Black "Bharat Kumar Reddy Poluri"]
[Result "1-0"]
[WhiteElo "2545"]
[BlackElo "2337"]
[Annotator "TA"]
[PlyCount "55"]
[EventDate "2018.12.08"]
[EventType "swiss"]
[EventRounds "11"]
[EventCountry "IND"]
[SourceTitle "playchess.com"]
[Source "ChessBase"]
[SourceQuality "1"]

{[%evp 9,55,9,24,16,12,0,0,0,8,0,0,0,-4,-12,0,0,-6,0,52,55,102,95,100,96,95,93,93,96,131,105,105,97,128,143,223,223,331,332,352,338,350,324,315,306,447,453,650,613]} 1. d4 e6 2. Bf4 d5 3. Nf3 Nf6 4. e3 c5 5. Nbd2 Bd6 6. Bb5+ {D02: 1 d4 d5 2 Nf3 sidelines, including 2...Nf6 3 g3 and 2...Nf6 3 Bf4} Nc6 $1 7. Bg3 O-O 8. c3 {The position is equal.} h6 9. Bxc6 $146 ({Predecessor:} 9. O-O Bxg3 10. hxg3 Qb6 11. a4 Ne7 12. Qb3 c4 13. Qb4 Qc7 14. a5 Rb8 15. b3 Nc6 {1-0 (39) Li,C (2720)-Dai,C (2423) Beijing 2017}) 9... bxc6 10. Qa4 Bxg3 11. hxg3 Qb6 12. O-O Nd7 13. Rfc1 c4 ({Better is} 13... Ba6 $11) 14. b3 $14 cxb3 15. axb3 {[%cal Ba2b3,Bb3b4][%mdl 32]} Bb7 16. b4 Qc7 17. c4 Rfb8 18. cxd5 Nb6 19. Qa5 {[#] And now dxc6 would win.} exd5 20. Ne5 Qd6 21. Qc5 Rd8 (21... Qe6 $16 22. Nb3 (22. Nxc6 Nd7 $14) 22... Nd7 23. Nxd7 Qxd7 24. Rxa7 Rxa7 25. Qxa7 Ra8) 22. Nb3 $18 f6 (22... Qe6 $142 23. Na5 (23. Nxc6 Bxc6 24. Qxc6 Qf5 $16) 23... Nd7) 23. Na5 ({Not} 23. Nxc6 Bxc6 24. Qxc6 Nc4 $16) 23... fxe5 24. Nxb7 Qxc5 25. dxc5 (25. bxc5 Rd7 $18) 25... Rd7 26. Na5 ({But not} 26. cxb6 Rxb7 27. Rxc6 Kf8 $18) 26... Nc4 (26... Rc7 {was called for.} 27. b5 Nd7) 27. Nxc6 Rb7 {[#]} (27... Nd2 $142 28. Nxe5 Rc7) 28. e4 $1 {[%mdl 512] Accuracy: White = 76%, Black = 55%.} 1-0

[Event "IND-ch Senior Open 2019"]
[Site "Mazitar"]
[Date "2019.12.11"]
[Round "3.7"]
[White "Harshavardhan G B"]
[Black "Deepan Chakkravarthy J."]
[Result "0-1"]
[WhiteElo "2344"]
[BlackElo "2535"]
[Annotator "ChessBase"]
[PlyCount "144"]
[EventDate "2018.12.08"]
[EventType "swiss"]
[EventRounds "11"]
[EventCountry "IND"]
[SourceTitle "playchess.com"]
[Source "ChessBase"]
[SourceQuality "1"]
[TimeControl "40/5400+30:1800+30"]

1. d4 {[%emt 0:00:00]} e6 {[%emt 0:03:06]} 2. Nf3 {[%emt 0:00:04]} c5 {[%emt 0:00:02]} 3. e4 {[%emt 0:00:02]} cxd4 {[%emt 0:00:00]} 4. Nxd4 {[%emt 0:00:01]} Nc6 {[%emt 0:00:01]} 5. Nc3 {[%emt 0:00:02]} Qc7 {[%emt 0:26:24]} 6. Be3 {[%emt 0:00:02]} a6 {[%emt 0:00:02]} 7. Qd2 {[%emt 0:00:02]} Nf6 {[%emt 0:00:02]} 8. O-O-O {[%emt 0:00:02]} b5 {[%emt 0:00:02]} 9. f3 {[%emt 0:00:01]} Bb4 {[%emt 0:01:21]} 10. Nxc6 {[%emt 0:26:05]} Qxc6 {[%emt 0:00:01]} 11. Bd4 {[%emt 0:00:01]} Be7 {[%emt 0:00:01]} 12. Bd3 {[%emt 0:33:49]} b4 {[%emt 0:00:01]} 13. Ne2 {[%emt 0:00:00]} a5 {[%emt 0:00:00]} 14. Kb1 {[%emt 0:21:27]} Qc7 {[%emt 0:00:01]} 15. g4 {[%emt 0:09:22]} e5 {[%emt 0:00:01]} 16. Be3 {[%emt 0:00:00]} d6 {[%emt 0:00:01]} 17. g5 {[%emt 0:00:00]} Nd7 {[%emt 0:00:00]} 18. f4 {[%emt 0:00:01]} Rb8 {[%emt 0:00:00]} 19. Ng3 {[%emt 0:00:00]} exf4 {[%emt 0:00:00]} 20. Bxf4 {[%emt 0:00:00]} g6 {[%emt 0:00:01]} 21. Nf1 {[%emt 0:00:00]} Ne5 {[%emt 0:00:01]} 22. Ne3 {[%emt 0:00:00]} Be6 {[%emt 0:00:01]} 23. Nd5 {[%emt 0:00:00]} Bxd5 {[%emt 0:00:00]} 24. exd5 {[%emt 0:00:00]} Bf8 {[%emt 0:00:07]} 25. Bxe5 {[%emt 0:00:00]} dxe5 {[%emt 0:00:00]} 26. h4 {[%emt 0:00:00]} h5 {[%emt 0:00:01]} 27. gxh6 {[%emt 0:00:00]} Rxh6 {[%emt 0:00:01]} 28. Qe3 {[%emt 0:00:00]} Qd6 {[%emt 0:00:01]} 29. Rde1 {[%emt 0:00:00]} Bg7 {[%emt 0:00:01]} 30. h5 {[%emt 0:00:00]} Rxh5 {[%emt 0:00:00]} 31. Rxh5 {[%emt 0:00:00]} gxh5 {[%emt 0:00:00]} 32. Rg1 {[%emt 0:00:00]} Kf8 {[%emt 0:00:08]} 33. Qg3 {[%emt 0:00:00]} Bf6 {[%emt 0:00:00]} 34. Rf1 {[%emt 0:00:00]} Ke7 {[%emt 0:00:01]} 35. Qf2 {[%emt 0:00:00]} Rb7 {[%emt 0:00:01]} 36. Be4 {[%emt 0:00:00]} a4 {[%emt 0:00:01]} 37. Qe2 {[%emt 0:00:00]} h4 {[%emt 0:00:01]} 38. Qc4 {[%emt 0:00:00]} Rc7 {[%emt 0:00:01]} 39. Qb5 {[%emt 0:00:00]} a3 {[%emt 0:00:01]} 40. bxa3 {[%emt 0:00:00]} bxa3 {[%emt 0:00:00]} 41. c4 {[%emt 0:29:31]} Bg5 {[%emt 0:30:06]} 42. Kc2 {[%emt 0:00:04]} Bf4 {[%emt 0:00:01]} 43. Kd3 {[%emt 0:00:03]} h3 {[%emt 0:00:01]} 44. Rg1 {[%emt 0:00:18]} Qc5 {[%emt 0:00:01]} 45. Qxc5+ {[%emt 0:00:00]} Rxc5 {[%emt 0:00:00]} 46. Rb1 {[%emt 0:00:04]} h2 {[%emt 0:00:01]} 47. Rb7+ {[%emt 0:00:01]} Kf8 {[%emt 0:00:03]} 48. Rb8+ {[%emt 0:00:00]} Kg7 {[%emt 0:00:00]} 49. Rb7 {[%emt 0:00:00]} Kf6 {[%emt 0:00:00]} 50. Rb8 {[%emt 0:00:00]} Kg7 {[%emt 0:00:04]} 51. Rb7 {[%emt 0:00:00]} Rc8 {[%emt 0:00:01]} 52. Rb1 {[%emt 0:11:38]} Kf6 {[%emt 0:00:01]} 53. Bh1 {[%emt 0:00:01]} Kg5 {[%emt 0:00:01]} 54. d6 {[%emt 0:00:00]} e4+ 55. Bxe4 {[%emt 0:10:05]} Bxd6 {[%emt 0:00:30]} 56. Rf1 {[%emt 0:00:06]} Bf4 {[%emt 0:00:01]} 57. Kd4 {[%emt 0:00:03]} f5 {[%emt 0:00:01]} 58. Bd5 {[%emt 0:00:02]} Bd6 {[%emt 0:00:03]} 59. Kc3 {[%emt 0:00:00]} Bc5 {[%emt 0:00:00]} 60. Rb1 {[%emt 0:00:02]} Rh8 {[%emt 0:00:01]} 61. Kc2 {[%emt 0:02:52]} Rh3 {[%emt 0:00:01]} 62. Rb5 {[%emt 0:00:07]} Bd4 {[%emt 0:00:00]} 63. Bh1 {[%emt 0:00:32]} Rc3+ {[%emt 0:00:01]} 64. Kd2 {[%emt 0:00:01]} Rxc4 {[%emt 0:00:10]} 65. Kd3 {[%emt 0:00:03]} Rc1 {[%emt 0:00:00]} 66. Be4 {[%emt 0:00:01]} Bc5 67. Ba8 {[%emt 0:00:14]} Kg4 {[%emt 0:00:31]} 68. Kd2 {[%emt 0:00:01]} h1=Q {[%emt 0:00:01]} 69. Bxh1 {[%emt 0:00:01]} Rxh1 {[%emt 0:00:01]} 70. Rxc5 {[%emt 0:00:01]} Rh2+ {[%emt 0:00:01]} 71. Kc3 {[%emt 0:00:11]} Rxa2 {[%emt 0:00:01]} 72. Kb3 {[%emt 0:00:00]} Ra1 {[%emt 0:00:01]} 0-1

[Event "IND-ch Senior Open 2019"]
[Site "Mazitar"]
[Date "2019.12.11"]
[Round "3.8"]
[White "Visakh N R"]
[Black "Nitin, S.."]
[Result "0-1"]
[WhiteElo "2516"]
[BlackElo "2329"]
[Annotator "ChessBase"]
[PlyCount "92"]
[EventDate "2018.12.08"]
[EventType "swiss"]
[EventRounds "11"]
[EventCountry "IND"]
[SourceTitle "playchess.com"]
[Source "ChessBase"]
[SourceQuality "1"]
[TimeControl "40/5400+30:1800+30"]

1. d4 {[%emt 0:00:00]} Nf6 {[%emt 0:00:55]} 2. Bg5 {[%emt 0:00:08]} c5 {[%emt 0:01:24]} 3. Bxf6 {[%emt 0:01:02]} gxf6 {[%emt 0:00:29]} 4. d5 {[%emt 0:00:04]} Qb6 {[%emt 0:01:25]} 5. Qc1 {[%emt 0:00:06]} f5 {[%emt 0:00:17]} 6. c4 {[%emt 0:00:08]} Bg7 {[%emt 0:01:16]} 7. Nc3 {[%emt 0:00:03]} d6 {[%emt 0:00:22]} 8. e3 {[%emt 0:00:33]} Nd7 {[%emt 0:00:27]} 9. Nh3 {[%emt 0:02:19]} Ne5 {[%emt 0:00:38]} 10. Qc2 {[%emt 0:00:23]} Bd7 {[%emt 0:01:03]} 11. Be2 {[%emt 0:01:47]} O-O-O {[%emt 0:01:18]} 12. Nf4 {[%emt 0:08:41]} Rhg8 {[%emt 0:00:08]} 13. a3 {[%emt 0:08:59]} Ng6 {[%emt 0:00:01]} 14. Nh5 {[%emt 0:01:00]} Bh8 {[%emt 0:00:00]} 15. O-O-O {[%emt 0:12:35]} Qa5 {[%emt 0:05:28]} 16. Rhg1 {[%emt 0:05:06]} Kb8 {[%emt 0:00:33]} 17. f4 {[%emt 0:02:59]} a6 {[%emt 0:03:41]} 18. Bd3 {[%emt 0:15:10]} b5 {[%emt 0:13:16]} 19. Nb1 {[%emt 0:06:06]} b4 {[%emt 0:09:01]} 20. axb4 {[%emt 0:05:28]} Qxb4 {[%emt 0:01:05]} 21. Nc3 {[%emt 0:00:01]} Kc7 {[%emt 0:02:16]} 22. Rd2 {[%emt 0:04:32]} Rb8 {[%emt 0:00:01]} 23. Kd1 {[%emt 0:04:56]} Qa5 {[%emt 0:05:49]} 24. Ke2 {[%emt 0:00:01]} Rxb2 {[%emt 0:02:17]} 25. Qxb2 {[%emt 0:00:00]} Bxc3 {[%emt 0:00:34]} 26. Qc1 {[%emt 0:00:01]} Bxd2 {[%emt 0:00:00]} 27. Qxd2 {[%emt 0:00:00]} Qxd2+ {[%emt 0:00:35]} 28. Kxd2 {[%emt 0:00:45]} Nh4 {[%emt 0:00:34]} 29. Ng3 {[%emt 0:00:12]} Rb8 {[%emt 0:00:41]} 30. Ne2 {[%emt 0:06:02]} Rg8 {[%emt 0:00:06]} 31. Ng3 {[%emt 0:00:09]} e6 {[%emt 0:00:00]} 32. Ra1 {[%emt 0:05:59]} Bc8 {[%emt 0:00:01]} 33. Bf1 {[%emt 0:07:47]} Bb7 {[%emt 0:01:52]} 34. dxe6 {[%emt 0:03:13]} fxe6 {[%emt 0:02:46]} 35. Ke1 {[%emt 0:00:01]} Nxg2+ {[%emt 0:03:43]} 36. Bxg2 {[%emt 0:01:08]} Bxg2 {[%emt 0:00:01]} 37. Rxa6 {[%emt 0:00:01]} Bb7 {[%emt 0:00:21]} 38. Ra3 {[%emt 0:00:00]} h6 {[%emt 0:08:26]} 39. Kf2 {[%emt 0:00:21]} Rg4 {[%emt 0:03:28]} 40. Ra1 {[%emt 0:00:00]} h5 {[%emt 0:04:26]} 41. Rg1 {[%emt 0:24:07]} h4 {[%emt 0:30:36]} 42. Nf1 {[%emt 0:00:54]} Rxg1 {[%emt 0:00:51]} 43. Kxg1 {[%emt 0:00:00]} Kb6 {[%emt 0:00:50]} 44. Kf2 {[%emt 0:00:01]} Ka5 {[%emt 0:00:31]} 45. Ke2 {[%emt 0:01:09]} Kb4 {[%emt 0:00:00]} 46. Nd2 {[%emt 0:00:01]} Kc3 {[%emt 0:00:43]} 0-1

[Event "IND-ch Senior Open 2019"]
[Site "Mazitar"]
[Date "2019.12.11"]
[Round "3.9"]
[White "Senthil Maran K"]
[Black "Vishnu Prasanna. V"]
[Result "1/2-1/2"]
[WhiteElo "2305"]
[BlackElo "2493"]
[Annotator "ChessBase"]
[PlyCount "60"]
[EventDate "2018.12.08"]
[EventType "swiss"]
[EventRounds "11"]
[EventCountry "IND"]
[SourceTitle "playchess.com"]
[Source "ChessBase"]
[SourceQuality "1"]
[TimeControl "40/5400+30:1800+30"]

1. d4 {[%emt 0:00:00]} Nf6 {[%emt 0:00:01]} 2. c4 {[%emt 0:00:43]} e6 {[%emt 0:00:29]} 3. g3 {[%emt 0:00:00]} Bb4+ {[%emt 0:03:23]} 4. Bd2 {[%emt 0:00:00]} Be7 {[%emt 0:00:01]} 5. Bg2 {[%emt 0:00:02]} d5 {[%emt 0:00:01]} 6. Nf3 {[%emt 0:00:00]} Nbd7 {[%emt 0:05:37]} 7. Qc2 {[%emt 0:00:02]} c6 {[%emt 0:00:01]} 8. O-O {[%emt 0:01:50]} b6 {[%emt 0:11:33]} 9. b3 {[%emt 0:00:06]} Bb7 {[%emt 0:00:00]} 10. Nc3 {[%emt 0:00:01]} Rc8 {[%emt 0:00:02]} 11. e4 {[%emt 0:19:15]} dxe4 {[%emt 0:14:35]} 12. Ng5 {[%emt 0:00:02]} c5 {[%emt 0:00:01]} 13. Be3 {[%emt 0:09:35]} Ng4 {[%emt 0:17:51]} 14. Ngxe4 {[%emt 0:02:05]} Nxe3 {[%emt 0:01:23]} 15. fxe3 {[%emt 0:00:00]} Bxe4 {[%emt 0:00:01]} 16. Nxe4 {[%emt 0:09:04]} Nf6 {[%emt 0:00:01]} 17. Rad1 {[%emt 0:00:02]} cxd4 {[%emt 0:06:34]} 18. exd4 {[%emt 0:00:00]} O-O {[%emt 0:08:05]} 19. d5 {[%emt 0:00:01]} exd5 {[%emt 0:00:01]} 20. Nxf6+ {[%emt 0:03:55]} Bxf6 {[%emt 0:00:00]} 21. Rxd5 {[%emt 0:03:42]} Qe7 {[%emt 0:05:53]} 22. Qf5 {[%emt 0:00:01]} Rc7 {[%emt 0:20:43]} 23. Be4 {[%emt 0:00:00]} g6 {[%emt 0:04:08]} 24. Qxf6 {[%emt 0:00:00]} Qxe4 {[%emt 0:00:00]} 25. Rd8 {[%emt 0:00:01]} Qe3+ {[%emt 0:00:00]} 26. Kg2 {[%emt 0:00:01]} Qe2+ {[%emt 0:00:00]} 27. Rf2 {[%emt 0:00:01]} Qe4+ {[%emt 0:00:00]} 28. Kg1 {[%emt 0:00:02]} Qe1+ {[%emt 0:00:00]} 29. Kg2 {[%emt 0:00:00]} Qe4+ 30. Kg1 {[%emt 0:00:00]} Qe1+ {[%emt 0:00:00]} 1/2-1/2

[Event "IND-ch Senior Open 2019"]
[Site "Mazitar"]
[Date "2019.12.11"]
[Round "3.10"]
[White "Anurag, Mhamal"]
[Black "Roy Chowdhury, Saptarshi"]
[Result "1/2-1/2"]
[WhiteElo "2490"]
[BlackElo "2294"]
[Annotator "ChessBase"]
[PlyCount "60"]
[EventDate "2018.12.08"]
[EventType "swiss"]
[EventRounds "11"]
[EventCountry "IND"]
[SourceTitle "playchess.com"]
[Source "ChessBase"]
[SourceQuality "1"]
[TimeControl "40/5400+30:1800+30"]

1. d4 {[%emt 0:00:00]} d5 {[%emt 0:00:01]} 2. Nf3 {[%emt 0:00:02]} Bf5 {[%emt 0:00:03]} 3. c4 {[%emt 0:02:38]} e6 {[%emt 0:00:01]} 4. Qb3 {[%emt 0:06:36]} Nc6 {[%emt 0:00:01]} 5. c5 Rb8 {[%emt 0:00:00]} 6. e3 {[%emt 0:00:52]} a6 {[%emt 0:00:01]} 7. Nc3 {[%emt 0:09:12]} Nf6 {[%emt 0:00:01]} 8. Qa4 {[%emt 0:10:12]} Qd7 {[%emt 0:00:00]} 9. b4 {[%emt 0:00:01]} Bg4 {[%emt 0:00:01]} 10. b5 {[%emt 0:12:25]} axb5 {[%emt 0:00:00]} 11. Bxb5 {[%emt 0:00:01]} Bxf3 {[%emt 0:00:01]} 12. Rb1 Rc8 {[%emt 0:00:01]} 13. gxf3 {[%emt 0:00:31]} Be7 {[%emt 0:00:01]} 14. Ne2 {[%emt 0:20:19]} O-O {[%emt 0:00:01]} 15. Nf4 {[%emt 0:00:01]} Ra8 {[%emt 0:00:03]} 16. Qc2 {[%emt 0:00:01]} Ne8 {[%emt 0:09:42]} 17. Nd3 {[%emt 0:00:00]} Bf6 {[%emt 0:00:01]} 18. f4 {[%emt 0:03:01]} g6 {[%emt 0:00:00]} 19. Bd2 {[%emt 0:03:48]} Ng7 {[%emt 0:00:01]} 20. Nb4 {[%emt 0:15:59]} Nxb4 {[%emt 0:00:00]} 21. Rxb4 {[%emt 0:00:01]} c6 22. Bd3 {[%emt 0:00:01]} Ra7 {[%emt 0:00:31]} 23. Ke2 {[%emt 0:09:37]} Rfa8 {[%emt 0:00:01]} 24. Rhb1 {[%emt 0:00:01]} Bh4 {[%emt 0:00:01]} 25. a4 {[%emt 0:00:00]} e5 {[%emt 0:00:00]} 26. dxe5 {[%emt 0:00:00]} Qg4+ {[%emt 0:00:01]} 27. Kf1 {[%emt 0:00:00]} Qh3+ {[%emt 0:00:01]} 28. Kg1 {[%emt 0:05:41]} Qg4+ {[%emt 0:00:02]} 29. Kf1 {[%emt 0:00:02]} Qh3+ {[%emt 0:00:00]} 30. Kg1 Qg4+ {[%emt 0:00:00]} 1/2-1/2

[Event "IND-ch Senior Open 2019"]
[Site "Mazitar"]
[Date "2019.12.11"]
[Round "3.11"]
[White "Harshad S"]
[Black "Vignesh N R"]
[Result "1/2-1/2"]
[WhiteElo "2291"]
[BlackElo "2475"]
[Annotator "ChessBase"]
[PlyCount "85"]
[EventDate "2018.12.08"]
[EventType "swiss"]
[EventRounds "11"]
[EventCountry "IND"]
[SourceTitle "playchess.com"]
[Source "ChessBase"]
[SourceQuality "1"]
[TimeControl "40/5400+30:1800+30"]

1. e4 {[%emt 0:00:00]} c5 {[%emt 0:00:01]} 2. Be2 {[%emt 0:00:01]} Nc6 {[%emt 0:03:05]} 3. f4 {[%emt 0:00:47]} g6 {[%emt 0:07:34]} 4. Nf3 {[%emt 0:00:24]} Bg7 {[%emt 0:00:01]} 5. O-O {[%emt 0:01:13]} d5 {[%emt 0:00:47]} 6. d3 {[%emt 0:01:09]} Nf6 {[%emt 0:05:24]} 7. e5 {[%emt 0:01:43]} Nd7 {[%emt 0:00:11]} 8. c3 {[%emt 0:02:42]} d4 {[%emt 0:03:57]} 9. cxd4 {[%emt 0:00:11]} cxd4 {[%emt 0:02:03]} 10. Na3 {[%emt 0:00:35]} O-O {[%emt 0:04:43]} 11. Nc2 {[%emt 0:07:49]} Nb6 {[%emt 0:04:13]} 12. Bd2 {[%emt 0:06:26]} Nd5 {[%emt 0:09:52]} 13. Rb1 {[%emt 0:05:11]} a5 {[%emt 0:02:58]} 14. Qe1 {[%emt 0:05:15]} f6 {[%emt 0:03:08]} 15. exf6 {[%emt 0:01:13]} Bxf6 {[%emt 0:00:24]} 16. Qg3 {[%emt 0:07:16]} Ndb4 {[%emt 0:03:42]} 17. Nxb4 {[%emt 0:00:45]} axb4 {[%emt 0:00:00]} 18. Bd1 {[%emt 0:02:15]} Be6 {[%emt 0:00:36]} 19. f5 {[%emt 0:07:27]} Bxf5 {[%emt 0:02:57]} 20. Bb3+ {[%emt 0:00:01]} e6 {[%emt 0:06:36]} 21. Ng5 {[%emt 0:09:56]} Bxg5 {[%emt 0:00:52]} 22. Bxg5 {[%emt 0:00:53]} Qd7 {[%emt 0:00:01]} 23. Rbe1 {[%emt 0:00:46]} Rae8 {[%emt 0:00:34]} 24. Bd2 {[%emt 0:05:15]} Rf7 {[%emt 0:14:25]} 25. Qf3 {[%emt 0:02:54]} h5 {[%emt 0:06:17]} 26. Qg3 {[%emt 0:02:44]} Kh7 {[%emt 0:02:48]} 27. Ba4 {[%emt 0:00:41]} Qc7 {[%emt 0:05:41]} 28. Rxf5 {[%emt 0:08:15]} gxf5 {[%emt 0:01:30]} 29. Qg5 {[%emt 0:00:23]} Qe7 {[%emt 0:04:52]} 30. Qxh5+ {[%emt 0:00:00]} Kg8 {[%emt 0:00:15]} 31. Bg5 {[%emt 0:01:46]} Rh7 {[%emt 0:02:27]} 32. Bh6 {[%emt 0:05:11]} Kh8 {[%emt 0:01:24]} 33. Qg6 {[%emt 0:00:31]} Rg8 {[%emt 0:01:43]} 34. Qxe6 {[%emt 0:00:00]} Qh4 {[%emt 0:00:56]} 35. Bxc6 {[%emt 0:00:01]} Qxh6 {[%emt 0:00:00]} 36. Qxh6 {[%emt 0:00:00]} Rxh6 {[%emt 0:00:00]} 37. Bxb7 {[%emt 0:00:05]} Rd6 {[%emt 0:00:00]} 38. Re5 {[%emt 0:00:22]} Rb8 {[%emt 0:00:00]} 39. Bf3 {[%emt 0:01:20]} Ra6 {[%emt 0:00:00]} 40. Bd5 {[%emt 0:00:14]} Ra5 {[%emt 0:01:21]} 41. Rxf5 {[%emt 0:30:16]} Rd8 {[%emt 0:30:53]} 42. Be6 {[%emt 0:00:19]} Rxf5 {[%emt 0:00:08]} 43. Bxf5 {[%emt 0:00:00]} 1/2-1/2

[Event "IND-ch Senior Open 2019"]
[Site "Mazitar"]
[Date "2019.12.11"]
[Round "3.12"]
[White "Gajwa Ankit"]
[Black "Das, Arghyadip"]
[Result "1/2-1/2"]
[WhiteElo "2274"]
[BlackElo "2459"]
[Annotator "ChessBase"]
[PlyCount "68"]
[EventDate "2018.12.08"]
[EventType "swiss"]
[EventRounds "11"]
[EventCountry "IND"]
[SourceTitle "playchess.com"]
[Source "ChessBase"]
[SourceQuality "1"]
[TimeControl "40/5400+30:1800+30"]

1. e4 {[%emt 0:00:00]} c5 {[%emt 0:00:00]} 2. Nf3 {[%emt 0:00:01]} e6 {[%emt 0:00:00]} 3. d4 {[%emt 0:00:01]} cxd4 {[%emt 0:00:00]} 4. Nxd4 {[%emt 0:00:01]} a6 {[%emt 0:00:00]} 5. Nc3 {[%emt 0:00:02]} Qc7 {[%emt 0:00:00]} 6. Bd3 {[%emt 0:00:03]} Nf6 {[%emt 0:00:00]} 7. Qe2 {[%emt 0:35:44]} d6 {[%emt 0:00:00]} 8. f4 {[%emt 0:00:04]} Be7 {[%emt 0:00:02]} 9. Bd2 {[%emt 0:00:05]} b5 {[%emt 0:00:01]} 10. a3 {[%emt 0:00:01]} Nbd7 {[%emt 0:00:03]} 11. g4 {[%emt 0:00:03]} Nb6 {[%emt 0:00:02]} 12. g5 {[%emt 0:00:02]} Nfd7 {[%emt 0:00:00]} 13. O-O-O {[%emt 0:00:02]} Bb7 {[%emt 1:05:17]} 14. Rhf1 {[%emt 0:00:05]} Rc8 {[%emt 0:00:07]} 15. Kb1 {[%emt 0:00:02]} Nc4 {[%emt 0:00:00]} 16. Be1 {[%emt 0:00:02]} Ndb6 {[%emt 0:00:02]} 17. f5 {[%emt 0:32:06]} Bxg5 {[%emt 0:00:02]} 18. fxe6 {[%emt 0:00:02]} O-O {[%emt 0:00:07]} 19. Qh5 {[%emt 0:00:05]} Be3 {[%emt 0:00:02]} 20. exf7+ {[%emt 0:00:02]} Rxf7 {[%emt 0:00:02]} 21. Nf5 {[%emt 0:00:02]} g6 {[%emt 0:00:02]} 22. Nh6+ {[%emt 0:00:02]} Bxh6 {[%emt 0:00:02]} 23. Qxh6 {[%emt 0:00:01]} Ne5 {[%emt 0:00:01]} 24. Rxf7 {[%emt 0:00:03]} Qxf7 {[%emt 0:00:03]} 25. Be2 {[%emt 0:00:01]} d5 {[%emt 0:00:02]} 26. Bg3 {[%emt 0:00:00]} Ned7 {[%emt 0:00:02]} 27. Rf1 {[%emt 0:00:02]} Qe6 {[%emt 0:00:02]} 28. h3 {[%emt 0:00:03]} Rf8 {[%emt 0:00:01]} 29. Rxf8+ {[%emt 0:00:03]} Nxf8 {[%emt 0:00:00]} 30. Bg4 {[%emt 0:00:05]} Qf7 {[%emt 0:00:03]} 31. exd5 {[%emt 0:00:02]} Nxd5 {[%emt 0:00:16]} 32. Nxd5 {[%emt 0:00:03]} Bxd5 {[%emt 0:00:01]} 33. Qf4 {[%emt 0:00:03]} Qxf4 {[%emt 0:00:00]} 34. Bxf4 Ne6 {[%emt 0:00:02]} 1/2-1/2